LDR 00628naa#a2200157#i#450# 001 EN\\bibl\19756 005 20260603050130.3 100 ## _a20260601b2026####ek#y0engy0150####ca 102 ## _aRU 200 1# _aENVIRONMENTAL MONITORING IN THE VORONEZH REGION: MAIN TASKS AND METHODS _eConference article/thesis 210 1# _aVoronezh _cFSBE Institution of Higher Education Voronezh State University of Forestry and Technologies named after G.F. Morozov _d2026 215 ## _a4 с. 608 ## _aConference article/thesis _2local 675 ## _aЛесное хозяйство. Лесоводство. 630 _z 700 #1 _aKosareva _gI. V. 856 4# _abibl.vgltu.ru _u